00944pam a2200241 i 4500003000400000005001700004008002400021020003800045040000800083082002300091100002500114245004500139264004600184264001100230300002400241490002800265521027500293650003100568650003000599650001800629700002700647830002800674KPN20260512091945.020260512b 00| 0 my d a9789672040415qpaperbackcRM10.00 cKPN04aBM FD FAZ 20182230 aFazla Idha,eauthor.10aC Kena culik /cFazla Idha, Azanil Fitri 1aBatu Caves, Selangor :bBlank Book,c2018 4c©2018 a122 pages ;c19 cm.1 aNovel Akademik Thriller aKau pernah dibenci oleh cikgu? Ataupun kau pernah tak puas hati dengan cikgu? Sengketa pelajar dan guru memang lumrah alam persekolahan. Namun, sengketa kalau terlalu lama akan berubah menjadi dendam. Bila dendam sudah menguasai diri, tunggulah padah yang akan berlaku. 10aYoung adult fiction, Malay24aMalaysian fiction (Malay)20aMalay fiction0 aAzanil Fitri,eauthor. 0aNovel akademik thriller